General Knowledge Quiz 1 - Statistics

General Stats
  • This quiz has been taken 138 times
    123 since last reset
  • The average score is 5 of 15
Answer Stats
Question Answer % Correct
What is 20% of 40? 8
96%
In the phonetic alphabet, which Canadian city represents the letter Q? Quebec
62%
In rhyming slang what is known as dickory dock? Clock
46%
By what name is solid carbon dioxide known? dry ice
35%
What does an "H" in a circle represent on an Ordnance Survey Map? Hospital
35%
What was the first name of the American aviation pioneer, brother of Orville Wright, who died in 1912? Wilbur
35%
Where did Moses receive the 10 commandments? Mount Sinai
33%
What childhood disease is also known as Rubella? German Measles
32%
What is the national flower of Austria? Edelweiss
30%
Who is Priscilla White better known? Cilla Black
23%
Who wrote the novel Ivanhoe? Walter Scott
19%
What is Andy Capp's wife called? Flo
17%
Who played the Scarecrow in the 1978 film 'The Wiz'? Michael Jackson
15%
Which word can precede all of the following:, less ,power, storm, wave and wash? Brain
5%
What David presented 'Juke Box Jury'? Jacobs
4%
No matching quizzes found
Score Distribution
Percent of People with Each Score
Percentile by Number Answered
Your Score History
You have not taken this quiz since the last reset